000
00325nam a2200133Ia 4500
008
240624s9999 xx 000 0 und d
041
_a
eng
082
_a
658 BAS
100
_a
BASU C R
245
_a
BUSINESS ORGANIZATION AND MANAGEMENT
260
_c
2000
_a
New Delhi
_b
Tata McGrawhill
300
_a
xviii, : 490
365
_c
RS
999
_c
1192
_d
1192